Największe miasta Europy pod względem powierzchni i ludności - Statystyki

Ogólne statystyki
  • Ten quiz został rozwiązany 133 razy
  • Średni wynik to 24 z 30
Statystyki odpowiedzi
Hint Odpowiedź % Poprawnych
8 787 000 Londyn
96%
14 000 000 Londyn
96%
12 200 000 Moskwa
96%
17 100 000 Moskwa
96%
6154 Moskwa
96%
3 748 700 Berlin
95%
4 820 000 Berlin
95%
1368 Berlin
95%
3 215 600 Madryt
94%
7 061 700 Madryt
94%
1365 Madryt
94%
2 140 500 Paryż
94%
12 213 300 Paryż
94%
2853 Paryż
94%
2 896 400 Rzym
88%
4 331 800 Rzym
88%
1145 Rzym
88%
15 067 000 Stambuł
86%
15 067 000 Stambuł
86%
1475 Stambuł
86%
5 323 300 Petersburg
72%
6 000 000 Petersburg
72%
1510 Petersburg
72%
2 933 500 Kijów
70%
4 840 000 Barcelona
69%
1072 Barcelona
69%
2225 Mediolan
54%
1 974 800 Mińsk
39%
4 000 000 Birmingham
18%
2683 Dusseldorf
5%
Nie znaleziono quizów pasujących do podanych kryteriów
Rozkład punktacji
Procent ludzi z każdym wynikiem
Percentyl według liczby udzielonych odpowiedzi
Twoja historia wyników
Nie rozwiązałeś tego quizu